| 000 | 01164cam a2200265 a 4500 | ||
|---|---|---|---|
| 001 | 000015863 | ||
| 005 | 20260316091326.0 | ||
| 008 | 051004s2004 bl a bc 001 0 por d | ||
| 020 | _a8533302797 | ||
| 040 |
_aDO-SdBNP _bspa _cBNPHU |
||
| 082 |
_a017.2 _bA77 |
||
| 110 | 1 |
_aBrasil, _bBiblioteca Nacional _bDivisao de Manuscritos. _935704 |
|
| 245 | 1 | 0 |
_aArquivo Arthur Ramos : _binventário analítico / _corganización y descripción Vera Lucia Miranda Faillace ; inventario preliminar Ana Lucia Louzada Werneck, Ana Maria Guerra, Bartolomeu Homem d'el Rei Pinto ; índice Ana Lucia Merege Correa. |
| 260 |
_aRío de Janeiro : _bBiblioteca Nacional, _c2004. |
||
| 300 |
_a539 p. : _bil. ; _c23 cm. |
||
| 490 | 1 |
_aRodolfo Garcia, _vv. 30 |
|
| 504 | _aIncluye referencias bibliográficas e índice. | ||
| 600 | 1 | 0 |
_aRAMOS, ARTHUR, _d1903-1949 _xBIOBLIOTECA _vCATÁLOGOS _935705 |
| 650 | 1 | 0 |
_aArchivos personales _935706 |
| 700 | 1 |
_aFaillace, Vera Lúcia Miranda. _935707 |
|
| 700 | 1 |
_aLouzada Werneck, Ana Lúcia. _935708 |
|
| 700 | 1 |
_aGuerra, Ana María. _935709 |
|
| 700 | 1 |
_aRei Pinto, Bartolomeu Homem d'el. _935710 |
|
| 700 | 1 |
_aMerege Correa, Ana Lúcia. _935711 |
|
| 999 |
_c15405 _d15405 |
||